Microsoft sql server 2008 bible / (Record no. 190554)

MARC details
000 -LEADER
fixed length control field 00773nam a2200253Ia 4500
003 - CONTROL NUMBER IDENTIFIER
control field OSt
005 - DATE AND TIME OF LATEST TRANSACTION
control field 20250603103021.0
008 - FIXED-LENGTH DATA ELEMENTS--GENERAL INFORMATION
fixed length control field 210716s2010 xx 000 0 und d
020 ## - INTERNATIONAL STANDARD BOOK NUMBER
International Standard Book Number 9788126523382
040 ## - CATALOGING SOURCE
Transcribing agency AIMIT LIBRARY
041 ## - LANGUAGE CODE
Language code of text/sound track or separate title eng
082 ## - DEWEY DECIMAL CLASSIFICATION NUMBER
Classification number 005.7402
Edition number 1
Item number NIEP
100 ## - MAIN ENTRY--PERSONAL NAME
Personal name Nielsen, Paul.
9 (RLIN) 212468
245 ## - TITLE STATEMENT
Title Microsoft sql server 2008 bible /
Statement of responsibility, etc. By Paul Nielsen ...[et.al.].
250 ## - EDITION STATEMENT
Edition statement 1st ed.
260 ## - PUBLICATION, DISTRIBUTION, ETC.
Place of publication, distribution, etc. New Delhi :
Name of publisher, distributor, etc. Wiley India Pvt Ltd ,
Date of publication, distribution, etc. 2010.
300 ## - PHYSICAL DESCRIPTION
Extent xxxviii,1642 p.;
Other physical details PB
Dimensions 24.5 cm.
650 ## - SUBJECT ADDED ENTRY--TOPICAL TERM
Topical term or geographic name entry element Relational database design
9 (RLIN) 212469
650 ## - SUBJECT ADDED ENTRY--TOPICAL TERM
Topical term or geographic name entry element Client connectivity
9 (RLIN) 212470
650 ## - SUBJECT ADDED ENTRY--TOPICAL TERM
Source of heading or term Manipulating data with select
700 ## - ADDED ENTRY--PERSONAL NAME
Personal name White, Paul.
9 (RLIN) 212471
700 ## - ADDED ENTRY--PERSONAL NAME
Personal name Parui, Uttam.
9 (RLIN) 212472
942 ## - ADDED ENTRY ELEMENTS (KOHA)
Source of classification or shelving scheme Dewey Decimal Classification
Koha item type Book
Call number prefix 005.7402 NIEP
Holdings
Withdrawn status Lost status Damaged status Not for loan Collection code Home library Current library Source of acquisition Cost, normal purchase price Total Checkouts Full call number Barcode Date last seen Cost, replacement price Price effective from Koha item type
        MCA St Aloysius Institute of Management & Information Technology St Aloysius Institute of Management & Information Technology Knowledge World 699.00   005.7402 NIEP MCA10062 05/23/2026 524.25 07/16/2021 Book